El Director general de Arquitectura se informa del Plan de Ordenación Provincial
Colección:
San Jorge,
; núm. 8 (octubre 1952), pàg 57
Materias:
Prieto-Moreno, Francisco
; Barcelona (Catalunya : Província). -- Comissió Superior d'Ordenació Provincial
Idioma:
Español
MARC
| LEADER | 00000naa a2200000 a 4500 | ||
|---|---|---|---|
| 003 | Arxiu | ||
| 005 | 20260324181041.0 | ||
| 008 | 160829s1952 spc xx s spa c | ||
| 040 | |a agdb | ||
| 245 | 0 | 3 | |a El Director general de Arquitectura se informa del Plan de Ordenación Provincial |
| 490 | |a San Jorge, |v núm. 8 (octubre 1952), pàg 57 | ||
| 600 | 1 | 0 | |9 54713 |a Prieto-Moreno, Francisco |
| 610 | 1 | 0 | |a Barcelona (Catalunya : Província). |b Comissió Superior d'Ordenació Provincial |9 54712 |
| 773 | |g Núm. 8 (octubre 1952), pàg 57 |t San Jorge. | ||
| 901 | |a Arxiu | ||
| 942 | |n 1 |2 udc |c ART | ||
| 952 | |0 0 |1 0 |4 0 |7 1 |9 64292 |a Arxiu |b Arxiu |d 2022-11-22 |o Rev-508 |r 2022-11-22 00:00:00 |w 2022-11-22 |y ARXIU |z També disponible a Rev-521 | ||
| 999 | |c 49044 |d 49044 | ||